000 00729nam a22002417a 4500
999 _c33253
_d33253
001 2339
003 CO-MdFUSB
005 20170922083923.0
008 170920t1964 xxu||||| |||| 00| 0 eng d
020 _a0-87784-861-0
040 _aCO-MdFUSB
_bspa
_cCO-MdFUSB
_dCO-MdFUSBC
_erda
041 0 _aeng
082 0 4 _aG 223.7 K467p
100 1 _aKidner, Derek
_eautor
245 1 4 _aThe Proverbs
_b: An introduction and commentary
_c/ Derek Kidner
264 4 _aDowners Grove, ILL., USA :
_bInterVarsity,
_c©1964
300 _a192 Pag
_b:
_c;
336 _2rdacontent
_atexto
_btxt
337 _2rdamedia
_asin mediación
_bn
338 _2rdacarrier
_avolumen
_bnc
653 _aBiblia A.T. - Proverbios - Comentarios
942 _cBK